مفاهيم و معماريات و بناء و تنفيذ مناجم البيانات / (رقم التسجيلة. 411)

تفاصيل مارك
000 -LEADER
fixed length control field 00768nam a22002297a 4500
005 - DATE AND TIME OF LATEST TRANSACTION
control field 20251108163340.0
008 - FIXED-LENGTH DATA ELEMENTS--GENERAL INFORMATION
fixed length control field 250721s2009 xx 000 0 ara d
082 14 - DEWEY DECIMAL CLASSIFICATION NUMBER
Classification number 658.0285/حما
100 1# - MAIN ENTRY--PERSONAL NAME
Personal name الحمامي، علاء حسين
Relator term مؤلف
245 10 - TITLE STATEMENT
Title مفاهيم و معماريات و بناء و تنفيذ مناجم البيانات /
246 11 - VARYING FORM OF TITLE
Title proper/short title DATA WAREHOUSES
264 1# - PRODUCTION, PUBLICATION, DISTRIBUTION, MANUFACTURE, AND COPYRIGHT NOTICE
Place of production, publication, distribution, manufacture عمان :
Name of producer, publisher, distributor, manufacturer دار إثراء للنشر و التوزيع،
Date of production, publication, distribution, manufacture, or copyright notice 2009.
300 ## - PHYSICAL DESCRIPTION
Extent 384 ص.
650 17 - SUBJECT ADDED ENTRY--TOPICAL TERM
Topical term or geographic name as entry element اداره الاعمال
650 17 - SUBJECT ADDED ENTRY--TOPICAL TERM
Topical term or geographic name as entry element اداره المشاريع
650 17 - SUBJECT ADDED ENTRY--TOPICAL TERM
Topical term or geographic name as entry element برامج الحاسوب
650 17 - SUBJECT ADDED ENTRY--TOPICAL TERM
Topical term or geographic name as entry element البيانات
650 17 - SUBJECT ADDED ENTRY--TOPICAL TERM
Topical term or geographic name as entry element تداول البيانات
650 17 - SUBJECT ADDED ENTRY--TOPICAL TERM
Topical term or geographic name as entry element اداره المعلومات
942 ## - ADDED ENTRY ELEMENTS (KOHA)
Source of classification or shelving scheme Dewey Decimal Classification
Koha item type كتب
المقتنيات
حالة السحب حالة الفقدان مصدر التصنيف حالة التلف غير قابل للإعارة المكتبة الرئيسية المكتبة الحالية موقع الرف تاريخ التزويد الرقم المتسلسل Total Checkouts رقم الإستدعاء الباركود تاريخ آخر ظهور تاريخ الفاتورة نوع المادة (كوها)
    Dewey Decimal Classification     المكتبة المركزية المكتبة المركزية الإعارة 28/07/2025 1265563   658.0285/حما PLD00076011 28/07/2025 28/07/2025 كتب
    Dewey Decimal Classification     المكتبة المركزية المكتبة المركزية مقتنيات قسم التزويد 28/07/2025 1265566   658.0285/حما   28/07/2025 28/07/2025 كتب
    Dewey Decimal Classification     المكتبة المركزية المكتبة المركزية مقتنيات قسم التزويد 28/07/2025 1265567   658.0285/حما   28/07/2025 28/07/2025 كتب
    Dewey Decimal Classification     المكتبة المركزية المكتبة المركزية مقتنيات قسم التزويد 28/07/2025 1265568   658.0285/حما   28/07/2025 28/07/2025 كتب
    Dewey Decimal Classification     المكتبة المركزية المكتبة المركزية مقتنيات قسم التزويد 28/07/2025 1265569   658.0285/حما   28/07/2025 28/07/2025 كتب
    Dewey Decimal Classification     المكتبة المركزية المكتبة المركزية مقتنيات قسم التزويد 28/07/2025 1265570   658.0285/حما   28/07/2025 28/07/2025 كتب
    Dewey Decimal Classification     المكتبة المركزية المكتبة المركزية مقتنيات قسم التزويد 28/07/2025 1265571   658.0285/حما   28/07/2025 28/07/2025 كتب
    Dewey Decimal Classification     مكتبة أبو علندا العامة مكتبة أبو علندا العامة الإعارة 07/03/2009 1265572   658.0285/حما PLD00076257 28/07/2025 07/03/2009 كتب
    Dewey Decimal Classification     مكتبة أم قصير والمقابلين العامة مكتبة أم قصير والمقابلين العامة الإعارة 07/03/2009 1265579   658.0285/حما PLD00076264 28/07/2025 07/03/2009 كتب
    Dewey Decimal Classification     مكتبة الأميرة ايمان العامة مكتبة الأميرة ايمان العامة الإعارة 07/03/2009 1265573   658.0285/حما PLD00076258 28/07/2025 07/03/2009 كتب
    Dewey Decimal Classification     مكتبة الاميرة بديعة مكتبة الاميرة بديعة الإعارة 07/03/2009 1265574   658.0285/حما PLD00076259 28/07/2025 07/03/2009 كتب
    Dewey Decimal Classification     مكتبة الجويدة مكتبة الجويدة الإعارة 07/03/2009 1265575   658.0285/حما PLD00076260 28/07/2025 07/03/2009 كتب
    Dewey Decimal Classification     مكتبة النصر العامة مكتبة النصر العامة الإعارة 07/03/2009 1265577   658.0285/حما PLD00076262 28/07/2025 07/03/2009 كتب
    Dewey Decimal Classification     مكتبة وادي السير العامة مكتبة وادي السير العامة الإعارة 07/03/2009 1265585   658.0285/حما PLD00076270 28/07/2025 07/03/2009 كتب
    Dewey Decimal Classification     مكتبة ومركز فرح مكتبة ومركز فرح الإعارة 20/05/2009 1278373   658.0285/حما PLD00093672 28/07/2025 20/05/2009 كتب
    Dewey Decimal Classification     مكتبةمؤتة مكتبةمؤتة الإعارة 22/03/2011 1428533   658.0285/حما PLD00198335 28/07/2025 22/03/2011 كتب
Implemented & Customized by: BBB with SCIT (Smart Chains for Information Technology)

Powered by Koha